[Event "HUN Team League Csongrad Region 2018-19 "]
[Site "Csongrád County"]
[Date "2018.11.25"]
[Round "4.4"]
[White "Bullas, Gabor"]
[Black "Kantor, Robert Jr."]
[Result "1-0"]
[WhiteElo "1068"]
[BlackElo "1213"]
[PlyCount "63"]
[EventDate "2018.09.30"]
[WhiteTeam "Szentesi Sakk SE II."]
[BlackTeam "Meritum SE II."]

1. e4 e5 2. Nf3 Nc6 3. d4 exd4 4. Nxd4 Nxd4 5. Qxd4 d6 6. Nc3 Bg4 7. f3 Be6 8.
Be3 Nf6 9. O-O-O Be7 10. e5 Nd7 11. exd6 Bf6 12. Qd2 Bxc3 13. Qxc3 cxd6 14.
Qxg7 Ke7 15. Bg5+ Ke8 16. Bxd8 Rxd8 17. Qxh8+ Ke7 18. Qd4 d5 19. Qb4+ Ke8 20.
Bb5 Rc8 21. Bxd7+ Kxd7 22. Qxb7+ Rc7 23. Rxd5+ Bxd5 24. Qxd5+ Ke7 25. Re1+ Kf8
26. Qd6+ Kg7 27. Qxc7 a6 28. Re7 Kg6 29. Rxf7 Kh6 30. Rf8 a5 31. Rg8 a4 32. Qg3
1-0

[Event "HUN Team League Csongrad Region 2018-19 "]
[Site "Csongrád County"]
[Date "2018.11.25"]
[Round "4.5"]
[White "Csuri, Laszlo"]
[Black "Gyugyi, Peter"]
[Result "1-0"]
[WhiteElo "2008"]
[BlackElo "2002"]
[PlyCount "53"]
[EventDate "2018.09.30"]
[WhiteTeam "Röszkei SK"]
[BlackTeam "Üllési ISE"]

1. e4 c6 2. d4 d5 3. Nc3 dxe4 4. f3 exf3 5. Nxf3 Bf5 6. Bc4 e6 7. O-O Nf6 8.
Ne5 Bg6 9. Be3 Bd6 10. Qf3 Qc7 11. Rae1 Bxe5 12. dxe5 Nd5 13. Bc5 Nd7 14. Bd6
Qb6+ 15. Kh1 O-O-O 16. b4 Qd4 17. Bxd5 exd5 18. b5 f6 19. bxc6 bxc6 20. exf6
Nxf6 21. Be5 Qc5 22. Rb1 Rde8 23. Qh3+ Kd8 24. Rb8+ Ke7 25. Rb7+ Kf8 26. Bxf6
gxf6 27. Qh6+ 1-0

[Event "HUN Team League Csongrad Region 2018-19 "]
[Site "Csongrád County"]
[Date "2018.11.25"]
[Round "4.5"]
[White "Szekeres, Janos"]
[Black "Retkes, Sandor"]
[Result "0-1"]
[WhiteElo "1887"]
[BlackElo "1896"]
[PlyCount "68"]
[EventDate "2018.09.30"]
[WhiteTeam "Üllési ISE"]
[BlackTeam "Röszkei SK"]

1. e4 g6 2. d4 Bg7 3. f4 d6 4. Nf3 a6 5. Nc3 b5 6. Be3 Bb7 7. a3 Nd7 8. d5 Ngf6
9. h3 Nb6 10. Nd4 Qd7 11. Bd3 e6 12. dxe6 fxe6 13. O-O O-O 14. f5 exf5 15. exf5
Nfd5 16. Bf2 Nxc3 17. bxc3 Nd5 18. fxg6 Nf4 19. gxh7+ Kh8 20. Nf3 Nxh3+ 21. Kh1
Nf4 22. Bg3 Qg4 23. Nh4 Qxg3 24. Rxf4 Bxg2+ 25. Nxg2 Rxf4 26. Nxf4 Qxf4 27. Qh5
Qe5 28. Qg6 Qxc3 29. Rf1 Qe5 30. Rf7 c5 31. Rd7 Rf8 32. Rxd6 Qe1+ 33. Qg1 Qh4+
34. Qh2 Qxh2+ 0-1

[Event "HUN Team League Csongrad Region 2018-19 "]
[Site "Csongrád County"]
[Date "2018.11.25"]
[Round "4.5"]
[White "Nagy Dani, Karoly"]
[Black "Szabo, Zoltan"]
[Result "1-0"]
[WhiteElo "1763"]
[BlackElo "1783"]
[PlyCount "135"]
[EventDate "2018.09.30"]
[WhiteTeam "Röszkei SK"]
[BlackTeam "Üllési ISE"]

1. Nf3 Nc6 2. c4 e5 3. Nc3 d6 4. d4 exd4 5. Nxd4 Be7 6. Nf3 Bd7 7. g3 Nf6 8.
Bg2 O-O 9. O-O h6 10. a3 Be6 11. Nd5 Bxd5 12. cxd5 Ne5 13. b3 Nxf3+ 14. Bxf3
Nd7 15. Ra2 Ne5 16. Bg2 f5 17. e4 fxe4 18. Bxe4 Qe8 19. f4 Nd7 20. Raf2 Nf6 21.
Bf5 c6 22. Bb2 Kh8 23. dxc6 bxc6 24. Qf3 d5 25. b4 Qd8 26. Qc3 Qb6 27. Kg2 Ne8
28. Bd7 Bf6 29. Qxc6 Qxc6 30. Bxc6 Rd8 31. Bxe8 Bxb2 32. Rxb2 Rfxe8 33. Rd2 Re3
34. Rf3 Re1 35. Rd4 Kg8 36. Rfd3 Ra1 37. h4 Kf7 38. Rxd5 Rxd5 39. Rxd5 Rxa3 40.
Rd7+ Kf6 41. h5 Ra4 42. b5 Ra5 43. Rb7 g6 44. hxg6 Kxg6 45. b6 axb6 46. Rxb6+
Kg7 47. Kh3 Rc5 48. Kh4 Rf5 49. Rb7+ Kg6 50. Kg4 Rc5 51. Rb6+ Kg7 52. f5 Ra5
53. Rg6+ Kh7 54. Kf4 Ra4+ 55. Kf3 h5 56. Re6 Kg7 57. Re4 Ra6 58. Kf4 Kf6 59.
Re6+ Rxe6 60. fxe6 Kxe6 61. Kg5 h4 62. Kxh4 Kf6 63. Kh5 Kg7 64. Kg5 Kg8 65. Kg6
Kh8 66. g4 Kg8 67. g5 Kh8 68. Kf7 1-0

[Event "HUN Team League Csongrad Region 2018-19 "]
[Site "Csongrád County"]
[Date "2018.11.25"]
[Round "4.5"]
[White "Benke, Andras"]
[Black "Ver, Imre"]
[Result "1/2-1/2"]
[WhiteElo "1774"]
[BlackElo "1763"]
[PlyCount "49"]
[EventDate "2018.09.30"]
[WhiteTeam "Üllési ISE"]
[BlackTeam "Röszkei SK"]

1. c4 g6 2. Nc3 Bg7 3. d4 Nf6 4. Nf3 d6 5. e3 Nbd7 6. b3 O-O 7. g3 b6 8. Bg2
Bb7 9. O-O Ne4 10. Bb2 Nxc3 11. Bxc3 e6 12. Qc2 Rc8 13. Rad1 Nf6 14. Bb2 Be4
15. Qe2 Qe7 16. Bh3 Bxf3 17. Qxf3 c6 18. Ba3 Rc7 19. e4 c5 20. Rfe1 Nd7 21. d5
e5 22. Bc1 h6 23. Qe2 f5 24. f4 Qf6 25. Rf1 1/2-1/2

[Event "HUN Team League Csongrad Region 2018-19 "]
[Site "Csongrád County"]
[Date "2018.11.25"]
[Round "4.5"]
[White "Bartos, Ferenc"]
[Black "Molnar, Jeno"]
[Result "1-0"]
[WhiteElo "1756"]
[BlackElo "1633"]
[PlyCount "107"]
[EventDate "2018.09.30"]
[WhiteTeam "Röszkei SK"]
[BlackTeam "Üllési ISE"]

1. e4 e6 2. Qe2 d6 3. f4 Nf6 4. Nc3 Nc6 5. Nf3 Be7 6. g3 O-O 7. d3 a6 8. Bg2
Rb8 9. O-O b5 10. Be3 Ng4 11. Bd2 Nb4 12. h3 Nf6 13. Be3 c5 14. g4 d5 15. exd5
Nbxd5 16. Ne5 Bb7 17. g5 Nxc3 18. bxc3 Nd5 19. Bd2 Qc8 20. Be4 g6 21. h4 Nc7
22. h5 Bxe4 23. Qxe4 Qb7 24. hxg6 Qxe4 25. gxf7+ Rxf7 26. dxe4 Rg7 27. Nc6 Rb6
28. Nxe7+ Rxe7 29. Be3 Rc6 30. Rad1 Kf8 31. Kf2 b4 32. c4 Ke8 33. Rh1 a5 34.
Rh6 Na6 35. f5 Nb8 36. f6 Rf7 37. Bf4 Nd7 38. Bd6 Rc8 39. Kg3 Nf8 40. Bxf8 Kxf8
41. Rd6 a4 42. Rxe6 Re8 43. Rxe8+ Kxe8 44. Kf4 Kd7 45. Ke5 Ke8 46. Ke6 Rb7 47.
Rh3 Rb6+ 48. Kd5 a3 49. e5 b3 50. cxb3 Rb7 51. e6 Kf8 52. g6 Kg8 53. e7 Rb8 54.
Rxh7 1-0

[Event "HUN Team League Csongrad Region 2018-19 "]
[Site "Csongrád County"]
[Date "2018.11.25"]
[Round "4.5"]
[White "Heintz, Sebestyen"]
[Black "Sipos, Kalman"]
[Result "1/2-1/2"]
[WhiteElo "1680"]
[BlackElo "1703"]
[PlyCount "113"]
[EventDate "2018.09.30"]
[WhiteTeam "Üllési ISE"]
[BlackTeam "Röszkei SK"]

1. e4 c5 2. Bc4 d6 3. c3 Nc6 4. Qb3 e6 5. Nf3 Nf6 6. d3 Be7 7. Be3 O-O 8. Nbd2
a6 9. a4 Na5 10. Qc2 Bd7 11. O-O Nxc4 12. Nxc4 b5 13. axb5 axb5 14. Ncd2 Qc7
15. h3 Ra5 16. Nb3 Ra4 17. Rxa4 bxa4 18. Nbd2 Rb8 19. Rb1 e5 20. Nc4 h6 21.
Nfd2 Bc6 22. b3 axb3 23. Rxb3 Ra8 24. Ra3 Rxa3 25. Nxa3 d5 26. exd5 Nxd5 27.
Ndc4 f5 28. f3 Nxe3 29. Nxe3 Qd7 30. Nac4 Qe6 31. Qb3 Kh7 32. Qb8 Bf6 33. Qd6
Qxd6 34. Nxd6 g6 35. c4 Kg7 36. Kf2 Kf8 37. Ke2 Ke7 38. Nc8+ Ke6 39. Nb6 Bd8
40. Nbd5 f4 41. Ng4 h5 42. Nf2 Bxd5 43. cxd5+ Kxd5 44. Ne4 Kd4 45. Kf2 Bh4+ 46.
Ke2 Be7 47. Nd2 Bd8 48. Ne4 g5 49. Nd6 Bf6 50. Ne4 Be7 51. Nd2 Bd8 52. Ne4 c4
53. dxc4 Kxc4 54. Nd6+ Kd5 55. Ne4 Kd4 56. Nd6 Kd5 57. Ne4 1/2-1/2

[Event "HUN Team League Csongrad Region 2018-19 "]
[Site "Csongrád County"]
[Date "2018.11.25"]
[Round "4.5"]
[White "Abraham, Lajos"]
[Black "Nagy, Gyula"]
[Result "1-0"]
[WhiteElo "1635"]
[BlackElo "1318"]
[PlyCount "75"]
[EventDate "2018.09.30"]
[WhiteTeam "Röszkei SK"]
[BlackTeam "Üllési ISE"]

1. e4 e5 2. Nf3 Nc6 3. Bb5 Nd4 4. Nxd4 exd4 5. O-O Nf6 6. e5 Nd5 7. Bc4 Ne7 8.
Qf3 d5 9. exd6 Qxd6 10. Bxf7+ Kd8 11. d3 Qf6 12. Nd2 Nf5 13. Qd5+ Bd6 14. Ne4
Qe5 15. Bg5+ Ne7 16. Nxd6 Qxd5 17. Bxd5 cxd6 18. Rfe1 Re8 19. Bf7 Bd7 20. Bxe8
h6 21. Bxe7+ Kxe8 22. Bxd6+ Kf7 23. Re7+ Kf6 24. Rae1 Bf5 25. Rxb7 Kg6 26. Rb8
Rxb8 27. Bxb8 h5 28. h3 Kh6 29. Bxa7 Kg5 30. Re5 g6 31. Rxf5+ Kxf5 32. Bxd4 g5
33. g4+ hxg4 34. hxg4+ Kxg4 35. Be3 Kf5 36. Bxg5 Kxg5 37. a4 Kf6 38. a5 1-0

[Event "HUN Team League Csongrad Region 2018-19 "]
[Site "Csongrád County"]
[Date "2018.11.25"]
[Round "4.5"]
[White "Hodi, Adam"]
[Black "Nagy, Zeteny"]
[Result "1/2-1/2"]
[WhiteElo "1141"]
[BlackElo "1246"]
[PlyCount "90"]
[EventDate "2018.09.30"]
[WhiteTeam "Üllési ISE"]
[BlackTeam "Röszkei SK"]

1. e4 Nf6 2. Nc3 e5 3. Nf3 d6 4. d4 Nbd7 5. dxe5 dxe5 6. Bd3 c6 7. O-O g6 8.
Be3 Bg7 9. Bc4 O-O 10. Ng5 b5 11. Bxf7+ Rxf7 12. Nxf7 Kxf7 13. Qd3 Qe7 14. f4
b4 15. Qc4+ Qe6 16. Qxe6+ Kxe6 17. Ne2 Nxe4 18. fxe5 Ba6 19. Nd4+ Kd5 20. Rf7
Nxe5 21. Rxg7 Nc4 22. Rd7+ Ned6 23. Bf2 c5 24. Nb3 Kc6 25. Nxc5 Ne4 26. Bd4
Nxc5 27. Rxh7 Ne6 28. Rxa7 Rxa7 29. Bxa7 Kb5 30. b3 Na3 31. Rc1 Nf4 32. c4+
bxc3 33. Kf2 c2 34. Ke1 Nd3+ 35. Kd2 Nxc1 36. Kxc1 Bb7 37. g3 Be4 38. Be3 Nb1
39. Kb2 Kb4 40. h4 Bd3 41. g4 Be4 42. h5 gxh5 43. gxh5 Bd3 44. h6 Nc3 45. Bd2
c1=Q+ 1/2-1/2